Analytische und konstruktive Differentialgeometrie /

Guardado en:
Autor Principal: Kruppa, Erwin.
Formato: Libro
Idioma:German
Publicado: Wien : Springer-Verlag, 1957.
Etiquetas: Agregar Etiqueta
Sin Etiquetas, Sea el primero en etiquetar este registro!
LEADER 00452nam a22001455a 4500
001 MAT.inmabb000876
008 031119s1957####au############000#0#ger#d
005 20170807125806.0
245 1 0 |a Analytische und konstruktive Differentialgeometrie /  |c von Erwin Kruppa. 
260 |a Wien :  |b Springer-Verlag,  |c 1957. 
300 |a vii, 191 p. ;  |c 25 cm. 
510 4 |a MR,  |c MR0086326 
100 1 |a Kruppa, Erwin. 
084 |a 53-XX  |2 msc2000 
859 |h 53  |i K94  |p A-707  |b BIB. MATEMATICA